La universidad de utopía

Guardado en:
Detalles Bibliográficos
Autor principal: Hutchins, Robert Maynard (autor)
Formato: Libro
Lenguaje:español
Publicado: Buenos Aires EUDEBA 1961
Edición:2a. ed
Colección:Colección Cuadernos, 2
Materias:
Etiquetas: Agregar Etiqueta
Sin Etiquetas, Sea el primero en etiquetar este registro!

MARC

LEADER 00000nam a2200000 a 4500
001 UCZ5738
003 CL-VaPUC
008 951124e19610000AG |||||||||||||||||spa|d
082 0 4 |a 378  |b HUT  |2 21 
100 |a Hutchins, Robert Maynard  |e autor  |9 486404 
245 1 3 |a La universidad de utopía 
250 |a 2a. ed 
300 |a 59 p 
942 |c BK 
945 |d 19951124 00:00:00  |a cmena 
260 |a Buenos Aires  |b EUDEBA  |c 1961 
650 0 |a Universidades  |9 256317 
650 0 |a Educación superior   |9 223851 
650 0 |a Industrialización  |9 263687 
650 0 |a Integración social  |9 319662 
583 |a last modification  |c 19951124 00:00:00  |k Rodrigo Vera 
490 0 |a Colección Cuadernos, 2 
999 |c 242028  |d 242026 
952 |0 0  |1 0  |4 0  |6 378_000000000000000_HUT_1961  |7 0  |8 P  |9 254698  |a BIBEDU  |b BIBEDU  |c BIBEDU_PB  |d 2019-11-19  |i 157664K  |o 378 HUT 1961  |p 157664K  |r 2024-01-25  |w 2019-11-19  |y BK  |k FIL